[Event "GRE-ch U16"]
[Site "Patras"]
[Date "2013.07.11"]
[Round "6.13"]
[White "Daskalakis, Georgios"]
[Black "Rahmanidis, Petros"]
[Result "0-1"]
[WhiteElo "1528"]
[BlackElo "1873"]
[PlyCount "156"]
[EventDate "2013.07.08"]
[EventType "swiss"]
[EventRounds "9"]
[EventCountry "GRE"]
[SourceTitle "EXT 2024"]
[Source "ChessBase"]
[SourceDate "2023.10.10"]
[SourceVersion "1"]
[SourceVersionDate "2023.10.10"]
[SourceQuality "1"]

1. e4 c5 2. Nf3 d6 3. Bb5+ Bd7 4. Bxd7+ Qxd7 5. 0-0 g6 6. c3 Bg7 7. d4 cxd4 8. cxd4 e6 9. Re1 Ne7 10. b3 0-0 11. Bb2 Nbc6 12. Nbd2 a6 13. Nc4 Qc7 14. Rc1 b5 15. Ne3 Qb7 16. Nf1 Rac8 17. Re2 Na7 18. Ng3 d5 19. e5 b4 20. Rc5 Rxc5 21. dxc5 Rc8 22. Rc2 Nec6 23. Qe1 Nb8 24. Qe3 Nd7 25. Ne1 Bf8 26. Nd3 Qb5 27. Bd4 Nc6 28. Ne2 Qa5 29. Ba1 Nd8 30. Bd4 Nc6 31. Ba1 Nd8 32. Bd4 Rc6 33. Qd2 Bxc5 34. Bxc5 Nxc5 35. Qxb4 Ncb7 36. Qxa5 Nxa5 37. Rxc6 Ndxc6 38. Nc5 Nxe5 39. Nxa6 Nac6 40. b4 d4 41. b5 d3 42. Nc3 Nd4 43. Kf1 Nc4 44. Ke1 Kf8 45. Nc5 d2+ 46. Kd1 f5 47. a4 Ke7 48. a5 Nxa5 49. Kxd2 Kd6 50. N3a4 Nxb5 51. Kd3 e5 52. Ke3 Nc4+ 53. Kf3 Nd4+ 54. Kg3 g5 55. h4 Ne2+ 56. Kf3 Nd4+ 57. Kg3 Ne2+ 58. Kf3 Nd4+ 59. Kg3 g4 60. f3 gxf3 61. gxf3 Nd2 62. f4 Ne2+ 63. Kf2 Nxf4 64. Ke3 Nc4+ 65. Kf3 Ne6 66. Nb3 e4+ 67. Ke2 f4 68. Nc3 Ke5 69. Kf2 Nd4 70. Nc5 e3+ 71. Ke1 Nf5 72. Nd7+ Kd6 73. Nf6 f3 74. Nfe4+ Ke5 75. h5 Nd4 76. Kf1 e2+ 77. Kf2 Nc2 78. Nxe2 fxe2 0-1

[Event "Mediterranean-ch U20 4th"]
[Site "Chania"]
[Date "2012.09.01"]
[Round "7"]
[White "Kafetzis, Georgios"]
[Black "Daskalakis, Georgios"]
[Result "1-0"]
[WhiteElo "1993"]
[BlackElo "1466"]
[PlyCount "91"]
[EventDate "2012.08.28"]
[EventType "swiss"]
[EventRounds "9"]
[EventCountry "GRE"]
[SourceTitle "CBM 150 Extra"]
[Source "ChessBase"]
[SourceDate "2012.10.19"]
[SourceVersion "1"]
[SourceVersionDate "2012.10.19"]
[SourceQuality "1"]

1. e4 c5 2. Nf3 Nc6 3. Bb5 d6 4. Bxc6+ bxc6 5. 0-0 Bg4 6. h3 Bh5 7. c3 Nf6 8. d3 e5 9. Na3 Be7 10. Nc4 0-0 11. g4 Bg6 12. Nh4 Nd7 13. Nf5 Nb6 14. Nce3 d5 15. c4 d4 16. Nxe7+ Qxe7 17. Ng2 f6 18. Qe1 Bf7 19. f4 Qd6 20. b3 a5 21. a4 Qc7 22. Qg3 Kh8 23. h4 Nd7 24. f5 Rab8 25. Rb1 Rb7 26. Rb2 Rfb8 27. Ne1 Rxb3 28. Rg2 Bxc4 29. g5 Bg8 30. h5 Re8 31. h6 Re7 32. g6 Nf8 33. Qh4 Qd6 34. Rf3 Rbb7 35. Rfg3 Red7 36. hxg7+ Rxg7 37. Bh6 Rbd7 38. Bxg7+ Rxg7 39. gxh7 Rxg3 40. hxg8Q+ Kxg8 41. Rxg3+ Kf7 42. Qh5+ Ke7 43. Rg8 Qd8 44. Qh6 c4 45. dxc4 c5 46. Qg7+ 1-0

[Event "Mediterranean-ch U20 4th"]
[Site "Chania"]
[Date "2012.08.30"]
[Round "4"]
[White "Georgantas, Antonios"]
[Black "Daskalakis, Georgios"]
[Result "1/2-1/2"]
[WhiteElo "1848"]
[BlackElo "1466"]
[PlyCount "91"]
[EventDate "2012.08.28"]
[EventType "swiss"]
[EventRounds "9"]
[EventCountry "GRE"]
[SourceTitle "CBM 150 Extra"]
[Source "ChessBase"]
[SourceDate "2012.10.19"]
[SourceVersion "1"]
[SourceVersionDate "2012.10.19"]
[SourceQuality "1"]

1. e4 c5 2. Nf3 Nc6 3. d4 cxd4 4. Nxd4 Nf6 5. Nc3 d6 6. Be2 g6 7. Be3 Bg7 8. 0-0 Bd7 9. h3 0-0 10. Nb3 a6 11. f4 Qc7 12. Bf3 b5 13. a3 Rab8 14. Qe2 Rfc8 15. Rad1 Rd8 16. g4 Bc8 17. e5 dxe5 18. Bxc6 Rxd1 19. Qxd1 Qxc6 20. Qd8+ Qe8 21. Qc7 Rb7 22. Qc5 exf4 23. Bxf4 Rd7 24. Na5 Ne4 25. Qc6 Nxc3 26. bxc3 Qd8 27. Bg3 Rd2 28. Qf3 Be6 29. Nc6 Bd5 30. Nxd8 Bxf3 31. Rxf3 Rxd8 32. Bf4 Rd1+ 33. Kf2 Rd8 34. Ke2 Kf8 35. Rd3 Ke8 36. Rxd8+ Kxd8 37. Kd3 Kd7 38. Bc1 Kc6 39. c4 e6 40. c3 Kc5 41. Be3+ Kc6 42. Bd2 f5 43. gxf5 exf5 44. cxb5+ axb5 45. c4 Bb2 46. Bb4 1/2-1/2